| 000 | 005700000a22002290004500 | ||
|---|---|---|---|
| 005 | 20120302054417.0 | ||
| 942 | _cBOOK | ||
| 245 | _a Bharatiya Itihaas Aani Sanskriti | ||
| 260 | _aMumbai:Achuta Ramchandra Taari,1985. | ||
| 300 | _a68p. | ||
| 040 | _aMAR | ||
| 365 | _b1/- | ||
| 650 | _aSankirna | ||
| 650 | _aTrimaasik-Bhartiya Itihaas | ||
| 650 | _aUttar-Shinde Raajwat | ||
| 650 | _aMaharashtra Swadeshi Chalwal | ||
| 650 | _aSanskriti | ||
| 650 | _aPaithan | ||
| 650 | _aShilaalekh | ||
| 650 | _aKokancha Itihaas | ||
| 650 | _aMaharashtra Swatantrya | ||
| 999 |
_c345549 _d345546 |
||